Tree planting practices in temperate Asia : (Record no. 68613)
[ view plain ]
| 000 -LEADER | |
|---|---|
| fixed length control field | 00831nam a2200265 a 4500 |
| 001 - CONTROL NUMBER | |
| control field | 68613 |
| 003 - CONTROL NUMBER IDENTIFIER | |
| rucl marc code | BD-RjUL |
| 005 - DATE AND TIME OF LATEST TRANSACTION | |
| control field | 20211209081806.0 |
| 008 - FIXED-LENGTH DATA ELEMENTS--GENERAL INFORMATION | |
| fixed length control field | 170404s1956 it ab 000 0 eng d |
| 035 ## - SYSTEM CONTROL NUMBER | |
| System control number | (BD-RjUL)68823 |
| 038 ## - RECORD CONTENT LICENSOR | |
| Record content licensor | UkLCURL |
| 040 ## - CATALOGING SOURCE | |
| Original cataloging agency | AZN |
| Transcribing agency | AZN |
| Modifying agency | OCL/m.c/EUX |
| -- | UkOxU |
| -- | BD-RjUL |
| Language of cataloging | eng |
| 041 ## - LANGUAGE CODE | |
| Language code of text/sound track or separate title | eng |
| 082 ## - DEWEY DECIMAL CLASSIFICATION NUMBER | |
| Edition number | 23 |
| Classification number | 634.95 |
| Author mark and year | LET 1956 |
| 100 ## - MAIN ENTRY--PERSONAL NAME | |
| Personal name | Leloup, Marcel |
| 9 (RLIN) | 203369 |
| 245 10 - TITLE STATEMENT | |
| Title | Tree planting practices in temperate Asia : |
| Remainder of title | Japan / |
| Statement of responsibility, etc. | Marcel Leloup. |
| 260 ## - PUBLICATION, DISTRIBUTION, ETC. (IMPRINT) | |
| Place of publication, distribution, etc. | Rome : |
| Name of publisher, distributor, etc. | FAO, |
| Date of publication, distribution, etc. | 1956. |
| 300 ## - PHYSICAL DESCRIPTION | |
| Pagination | 156 p. : |
| Illustrations | ill. ; |
| Size | 23 cm. |
| 490 ## - SERIES STATEMENT | |
| Series statement | Forestry development paper, |
| Volume/sequential designation | no.10 |
| 504 ## - BIBLIOGRAPHY, ETC. NOTE | |
| Bibliography, etc | Includes bibliographical references. |
| 650 #0 - SUBJECT ADDED ENTRY--TOPICAL TERM | |
| Topical term or geographic name as entry element | Tree planting |
| Geographic subdivision | Japan. |
| 9 (RLIN) | 203370 |
| Topical term or geographic name as entry element | Tree planting |
| Geographic subdivision | Asia. |
| 9 (RLIN) | 203371 |
| 830 #0 - SERIES ADDED ENTRY--UNIFORM TITLE | |
| Uniform title | FAO forestry development paper ; |
| Volume number/sequential designation | no.10 |
| 942 ## - ADDED ENTRY ELEMENTS (KOHA) | |
| Source of classification or shelving scheme | Dewey Decimal Classification |
| Koha item type | Books |
| Lost status | Source of classification or shelving scheme | Damaged status | Not for loan | Collection code | Permanent Location | Current Location | Shelving location | Date acquired | Source of acquisition | Cost, normal purchase price | Total Checkouts | Full call number | Date last seen | Copy number | Koha item type |
|---|---|---|---|---|---|---|---|---|---|---|---|---|---|---|---|
| Dewey Decimal Classification | Not For Loan | Non-fiction | Central Library, University of Rajshahi | Central Library, University of Rajshahi | Reading Room | 24/10/1957 | Thom and thai | 5.40 | 634.95 LET 1956 | 04/04/2017 | C-1 | Books |